000 01293cam a2200289 4500
008 030428n2003 000 0 eng u
020 _a1903287367
035 _a(Sirsi) u122096
041 _aeng
050 _a697.92
_c18
100 _aIrving, Steve
245 _aImproved life cycle performance of mechanical ventilation systems
260 _aLondon
_bCIBSE
_c2003
300 _a26p.
_c30cm.
350 _a58
490 _aCIBSE Technical Memorandum
_v30 2003
520 _aThis publication reports the results of a Partners in Innovation project that explored ways of improving the life cycle performance of mechanical ventilation system. The results suggest that there are significant opportunities to reduce whole life cost through revised design criteria and alternative equipment selections. References.
650 _aBUILT ENVIRONMENT-BUILDING ELEMENTS-COMPLETE BUILDING SERVICES ELEMENTS-COMPLETE HEATING, VENTILATION AND AIR CONDITIONING SYSTEMS
650 _aWHOLE-LIFE COSTING
650 _aMECHANICAL VENTILATION
690 _aBlock management
_96220
700 _aLaw, S.
700 _aButcher, Ken
_xEditor
710 _aUnited Kingdom
_bDepartment of Trade and Industry
710 _aChartered Institution of Building Services Engineers
_92360
942 _n0
999 _c102780
_d102780